100 Largest Tanzania Cities - Statistics

General Stats
  • This quiz has been taken 59 times
  • The average score is 15 of 100
Answers on the Map
Answers color-coded by a green-red scale on the quiz's map according to % correct below.
 
Answer Stats
City Population % Correct
Dar es Salaam 5,383,728
100%
Dodoma 765,179
92%
Zanzibar 709,809
83%
Arusha 617,631
75%
Mwanza 1,104,521
71%
Mbeya 541,603
54%
Morogoro 471,409
42%
Tanga 393,429
42%
Kigoma 232,388
38%
Tabora 221,466
38%
Bukoba 144,938
33%
Mtwara 140,793
33%
Shinyanga 139,727
33%
Singida 165,492
33%
Iringa 202,490
29%
Kibaha 265,360
29%
Lindi 95,096
29%
Moshi 221,733
29%
Musoma 164,172
29%
Songea 286,285
29%
Bagamoyo 55,000
25%
Mpanda 204,338
25%
Geita 318,006
21%
Kasulu 238,321
21%
Njombe 92,537
21%
Sumbawanga 182,970
21%
Babati 67,445
17%
Bariadi 260,927
17%
Kahama 453,654
17%
Makambako 116,232
17%
Chalinze 29,000
13%
Chato 30,000
13%
Kilosa 43,418
13%
Kondoa 80,443
13%
Manyoni 25,000
13%
Nzega 125,193
13%
Tunduma 219,309
13%
Tunduru 48,000
13%
Bunda 182,970
8%
Gairo 40,000
8%
Handeni 108,968
8%
Ifakara 205,843
8%
Itigi 24,000
8%
Katesh 21,462
8%
Katoro 75,000
8%
Korogwe 62,032
8%
Kyela 47,000
8%
Lushoto 34,000
8%
Magu 35,000
8%
Masasi 89,700
8%
Maswa 28,000
8%
Mbinga 60,868
8%
Mpwapwa 30,000
8%
Nansio 44,000
8%
Nungwi 30,762
8%
Tarime 133,043
8%
Tukuyu 50,000
8%
Urambo 31,752
8%
Ushirombo 45,000
8%
Vwawa 85,000
8%
Bomang'ombe 37,538
4%
Chake Chake 52,047
4%
Diobahika 45,000
4%
Dumila 40,000
4%
Igunga 45,000
4%
Ikwiriri 45,000
4%
Kibondo 27,200
4%
Kilwa Masoko 21,519
4%
Mafinga 99,305
4%
Masumbwe 50,000
4%
Mbuguni 49,801
4%
Mbulu 45,384
4%
Mkoani 23,719
4%
Mlimba 21,000
4%
Mlowo 40,000
4%
Mugumu 29,000
4%
Mwanhuzi 21,664
4%
Namanyere 40,000
4%
Newala 34,862
4%
Nkome 25,000
4%
Same 34,322
4%
Sengerema 110,000
4%
Sirari 25,000
4%
Ubaruku 23,000
4%
Vikindu 70,000
4%
Wete 35,951
4%
Buseresere 27,000
0%
Kibaigwa 50,054
0%
Kilindoni 23,426
0%
Kisesa 30,000
0%
Liwale 25,000
0%
Makongorosi 23,787
0%
Mapinga 40,000
0%
Matundasi 26,073
0%
Misungwi 30,000
0%
Mwandege 45,000
0%
Ngudu 32,446
0%
Ruaha 24,000
0%
Rujewa 42,013
0%
Utengule 50,000
0%
No matching quizzes found
Score Distribution
Percent of People with Each Score
Percentile by Number Answered
Your Score History
You have not taken this quiz